Contenders: Who will lead India tomorrow/ (Record no. 193542)

MARC details
000 -LEADER
fixed length control field 00560nam a22001817a 4500
005 - DATE AND TIME OF LATEST TRANSACTION
control field 20221102114806.0
010 ## - LCCN (DPL NO)
LC control number ENG-135586
020 ## - INTERNATIONAL STANDARD BOOK NUMBER
Terms of availability 450.00
International Standard Book Number 978-93-86797-25-4
035 ## - SYSTEM CONTROL NUMBER
System control number EN-119118
037 ## - SOURCE OF ACQUISITION
Source of stock number/acquisition DBAD/PUB
082 ## - DEWEY DECIMAL CLASSIFICATION NUMBER
Classification number 324.70954
100 ## - MAIN ENTRY--PERSONAL NAME
Personal name Sahgal, Priya
245 ## - TITLE STATEMENT
Title Contenders: Who will lead India tomorrow/
Statement of responsibility, etc Priya Sahgal
260 ## - PUBLICATION, DISTRIBUTION, ETC. (IMPRINT)
Date of publication, distribution, etc 2018
Name of publisher, distributor, etc Simon & Schuster
Place of publication, distribution, etc New Delhi
270 ## - ADDRESS
Address 818, Intraprastha Building, 21, Barakhmba Road
City New Delhi
Postal code 110001
300 ## - PHYSICAL DESCRIPTION
Extent 243p.
Dimensions 21cm(pbk)
942 ## - ADDED ENTRY ELEMENTS (KOHA)
Source of classification or shelving scheme Dewey Decimal Classification
Item type English Books
Call number suffix SAH
Classification part 324.70954
Holdings
Withdrawn status Lost status Not for loan Collection code Home library Current library Date acquired Source of acquisition Cost, normal purchase price Full call number Barcode Copy number Cost, replacement price Koha item type
      Non-fiction Peshwa Road Peshwa Road 02/11/2022 DBAD/PUB 400.00 324.70954 SAH EN-119118 1 400.00 English Books

© Delhi Public Library
Hit Counter
free hit counter